Zlyhané úvery v komerčných bankách na Slovensku

Článok sa zaobera problematikou zlyhaných úverov v bankovom sektore SR, popisuje ich vymedzenie z legislatívneho hľadiska a rozoberá ich vplyv na vybrané ukazovatele bánk - opravné položky, zisk, aktíva bankového sektora a iné.

Saved in:
Bibliographic Details
Main Author: Tkáčová, Daniela, 1954-
Format: Book Chapter
Language:Slovak
Subjects:
Tags: Add Tag
No Tags, Be the first to tag this record!

MARC

LEADER 00000nla a2200000 4500
001 0197077
005 20240502073326.6
041 0 |a slo 
044 |a SK 
245 1 0 |a Zlyhané úvery v komerčných bankách na Slovensku  |c Daniela Tkáčová 
520 |a Článok sa zaobera problematikou zlyhaných úverov v bankovom sektore SR, popisuje ich vymedzenie z legislatívneho hľadiska a rozoberá ich vplyv na vybrané ukazovatele bánk - opravné položky, zisk, aktíva bankového sektora a iné. 
610 2 0 |a banky 
610 2 0 |a banky obchodné 
610 2 0 |a úver 
610 2 0 |a politika úverová 
610 2 0 |a aktíva 
610 2 0 |a zisk 
610 2 0 |a úpravy právne 
610 2 0 |a Slovensko 
100 1 |a Tkáčová, Daniela, 1954-